Scrambled 10-letter Words, A-Z - Statistics

General Stats
  • This quiz has been taken 33 times
  • The average score is 16 of 26
Answer Stats
Hint Answer % Correct
cbakaprkec B Backpacker
81%
oincojignn C Conjoining
81%
ddaqruepul Q Quadrupled
81%
nxyoeshpol X Xylophones
81%
cngptiknii N Nitpicking
78%
ifqrneeutn I Infrequent
74%
deejelyctd D Dejectedly
70%
caxenpyetc E Expectancy
70%
goynlyeocg G Gynecology
70%
pebkkootoc P Pocketbook
70%
pygahtoryp T Typography
70%
alulwflnuy U Unlawfully
67%
gzmloiibin M Mobilizing
63%
agrezigadn A Aggrandize
59%
dcljyliaiu J Judicially
59%
ehackslamr R Ramshackle
59%
ngviimozlu V Volumizing
59%
bsuslbalfh F Flashbulbs
56%
zmngheooei H Homogenize
56%
oddlaknlec L Landlocked
56%
hpsziyamte S Sympathize
48%
iekmieobzl Z Zombielike
48%
nlaneiyygr Y Yearningly
41%
wktnasrcku K Knackwurst
37%
yrvgebinuo O Overbuying
37%
kmawwoierd W Widowmaker
30%
No matching quizzes found
Score Distribution
Percent of People with Each Score
Percentile by Number Answered
Your Score History
You have not taken this quiz